[Event "Medellin Flores op 30th"]
[Site "Medellin"]
[Date "2023.08.05"]
[Round "5"]
[White "Castaneda, Juan Esteban"]
[Black "Rueda Rojas, Richard Alejandro"]
[Result "1/2-1/2"]
[WhiteElo "1945"]
[BlackElo "1796"]
[PlyCount "52"]
[EventDate "2023.08.03"]
[EventType "swiss"]
[EventRounds "9"]
[EventCountry "COL"]
[SourceTitle "EXT 2024"]
[Source "ChessBase"]
[SourceDate "2023.10.10"]
[SourceVersion "1"]
[SourceVersionDate "2023.10.10"]
[SourceQuality "1"]

1. e4 Nf6 2. e5 Nd5 3. Nc3 Nxc3 4. dxc3 d6 5. Nf3 Nd7 6. Bf4 Nc5 7. Qd2 Bg4 8. Qe3 Bxf3 9. Qxf3 d5 10. 0-0-0 e6 11. Qg4 h5 12. Qe2 c6 13. Be3 Qa5 14. Bxc5 Bxc5 15. Kb1 Qb6 16. f4 0-0-0 17. g3 d4 18. c4 Ba3 19. b3 Qb4 20. Qe1 Qxe1 21. Rxe1 Bb4 22. Rd1 a5 23. a4 Bc3 24. Bd3 g6 25. Kc1 Kd7 26. Rdf1 Ke7 1/2-1/2

[Event "Medellin Flores op 30th"]
[Site "Medellin"]
[Date "2023.08.04"]
[Round "2"]
[White "Carrillo Marval, Maria Angelica"]
[Black "Castaneda, Juan Esteban"]
[Result "0-1"]
[WhiteElo "1709"]
[BlackElo "1945"]
[PlyCount "98"]
[EventDate "2023.08.03"]
[EventType "swiss"]
[EventRounds "9"]
[EventCountry "COL"]
[SourceTitle "CBM 215 Extra"]
[Source "ChessBase"]
[SourceDate "2023.09.30"]
[SourceVersion "1"]
[SourceVersionDate "2023.09.30"]
[SourceQuality "1"]

1. e4 c5 2. Nf3 d6 3. d4 cxd4 4. Nxd4 Nf6 5. f3 a6 6. c4 g6 7. Be3 Bg7 8. Nc3 0-0 9. Be2 Nc6 10. Qd2 Nxd4 11. Bxd4 Be6 12. 0-0 Rc8 13. b3 Qa5 14. Rfd1 Nd7 15. Nd5 Bxd4+ 16. Qxd4 Bxd5 17. Qxd5 Qb6+ 18. Qd4 Qxd4+ 19. Rxd4 a5 20. f4 Nc5 21. g3 e5 22. Rxd6 Nxe4 23. Rd5 exf4 24. gxf4 Nc5 25. Bf3 a4 26. Rb1 axb3 27. axb3 Rc7 28. Rxc5 Rxc5 29. Bxb7 Rb8 30. Bd5 Rb4 31. Kf2 Ra5 32. Ke3 Ra3 33. c5 Kf8 34. Kd3 Ke7 35. Bc4 Kd7 36. Kc3 Rb8 37. Kd4 f6 38. Kd5 Ra2 39. c6+ Kc7 40. b4 Rd2+ 41. Kc5 Rd6 42. b5 Rxc6+ 43. Kb4 Rcb6 44. Re1 Kd6 45. Re6+ Kd7 46. Re3 Rd6 47. Rh3 h5 48. Rg3 f5 49. Bf7 Rbb6 0-1

[Event "Medellin Flores op 30th"]
[Site "Medellin"]
[Date "2023.08.04"]
[Round "3"]
[White "Castaneda, Juan Esteban"]
[Black "Arrieta Hernandez, Cristian"]
[Result "0-1"]
[WhiteElo "1945"]
[BlackElo "2131"]
[PlyCount "102"]
[EventDate "2023.08.03"]
[EventType "swiss"]
[EventRounds "9"]
[EventCountry "COL"]
[SourceTitle "CBM 215 Extra"]
[Source "ChessBase"]
[SourceDate "2023.09.30"]
[SourceVersion "1"]
[SourceVersionDate "2023.09.30"]
[SourceQuality "1"]

1. e4 e6 2. d3 d5 3. Nd2 f5 4. Qe2 Be7 5. g3 Nf6 6. e5 Nfd7 7. f4 c5 8. Ndf3 Nc6 9. c3 b5 10. h4 b4 11. c4 Nb6 12. Qf2 Ba6 13. b3 Bb7 14. Bb2 d4 15. Bg2 a5 16. Nh3 a4 17. 0-0 Qd7 18. Nd2 0-0 19. Bf3 Ra7 20. Kh2 Rfa8 21. Qg1 Nd8 22. Bxb7 Qxb7 23. Qg2 g6 24. Ng5 Qxg2+ 25. Kxg2 h6 26. Ngf3 Nf7 27. Rab1 g5 28. Kf2 Nd7 29. Rg1 g4 30. Ne1 Nfxe5 31. fxe5 Nxe5 32. Ke2 h5 33. Nc2 a3 34. Bc1 Ng6 35. Ne1 Bd6 36. Nf1 e5 37. Bg5 Re8 38. Kd1 Rf7 39. Rg2 e4 40. Re2 e3 41. Ng2 f4 42. gxf4 Bxf4 43. Nxf4 Nxf4 44. Bxf4 Rxf4 45. Ng3 Rf3 46. Nh1 Rh3 47. Kc2 Rf8 48. Rg1 Rff3 49. Reg2 Rxh1 50. Rxh1 Rf2+ 51. Rxf2 exf2 0-1

[Event "Sabaneta op-A 1st"]
[Site "Sabaneta"]
[Date "2022.11.30"]
[Round "9"]
[White "Castaneda, Juan Esteban"]
[Black "Pereira Vera, Henry Alberto"]
[Result "1-0"]
[WhiteElo "1911"]
[BlackElo "1760"]
[PlyCount "85"]
[EventDate "2022.11.25"]
[EventType "swiss"]
[EventRounds "10"]
[EventCountry "COL"]
[SourceTitle "CBM 211 Extra"]
[Source "ChessBase"]
[SourceDate "2023.01.31"]
[SourceVersion "1"]
[SourceVersionDate "2023.01.31"]
[SourceQuality "1"]

1. e4 d5 2. exd5 Qxd5 3. Nc3 Qd6 4. d4 Nf6 5. Nf3 g6 6. Bc4 Bg7 7. Be3 a6 8. Ne5 0-0 9. Qf3 Nc6 10. Nxc6 bxc6 11. h3 Rb8 12. Bb3 Bb7 13. Qf4 e6 14. Qh4 Nd5 15. Ne4 Nxe3 16. fxe3 Qd8 17. Qxd8 Rfxd8 18. 0-0 h6 19. Rf2 Bc8 20. Raf1 f5 21. Nc5 Re8 22. Ba4 Rb6 23. c3 e5 24. d5 Bf8 25. b4 Bxc5 26. bxc5 Rb8 27. Bxc6 Rd8 28. g4 fxg4 29. hxg4 Bxg4 30. Rf7 Bh3 31. R1f2 Rb1+ 32. Kh2 Bf5 33. R2xf5 gxf5 34. Rxc7 Rdb8 35. d6 R8b2+ 36. Kh3 Rd1 37. d7 Rd3 38. Bg2 Rbd2 39. c6 f4 40. Rc8+ Kg7 41. c7 Rxe3+ 42. Kh2 f3 43. Rg8+ 1-0

[Event "Sabaneta op-A 1st"]
[Site "Sabaneta"]
[Date "2022.11.29"]
[Round "7"]
[White "Castaneda, Juan Esteban"]
[Black "Aspiazu Sibri, Marlon Steven"]
[Result "0-1"]
[WhiteElo "1911"]
[BlackElo "2067"]
[PlyCount "148"]
[EventDate "2022.11.25"]
[EventType "swiss"]
[EventRounds "10"]
[EventCountry "COL"]
[SourceTitle "CBM 211 Extra"]
[Source "ChessBase"]
[SourceDate "2023.01.31"]
[SourceVersion "1"]
[SourceVersionDate "2023.01.31"]
[SourceQuality "1"]

1. e4 g6 2. d4 Bg7 3. c4 d6 4. Nc3 Nf6 5. g3 0-0 6. Bg2 e5 7. Nge2 c6 8. h3 Na6 9. 0-0 exd4 10. Nxd4 Nc5 11. Rb1 Re8 12. Re1 a5 13. b3 d5 14. cxd5 cxd5 15. exd5 Rxe1+ 16. Qxe1 Nd3 17. Qd1 Nxc1 18. Rxc1 Bd7 19. Qd2 Qb6 20. Nde2 Qb4 21. Nb1 Bf5 22. Nec3 Rd8 23. g4 Bxb1 24. Rxb1 Nxg4 25. Qg5 Bf6 26. Qxg4 Qxc3 27. Qf4 Re8 28. Qc1 Qd4 29. Qd1 Qf4 30. Qf3 Qd6 31. Qg4 Kg7 32. b4 b6 33. bxa5 bxa5 34. Qc4 Qe5 35. Rd1 Rd8 36. Qe4 Qh5 37. Re1 Qg5 38. Rd1 Qh5 39. Rc1 Rd7 40. Qg4 Qh6 41. Rc2 Rd8 42. f4 Qh4 43. Qxh4 Bxh4 44. Rc6 Bg3 45. f5 gxf5 46. Ra6 Be1 47. Kf1 Bb4 48. Kf2 Rd6 49. Ra8 Rd7 50. Ke2 Rc7 51. Kd1 Re7 52. Bf3 Re1+ 53. Kc2 Re3 54. Bd1 f4 55. d6 Rc3+ 56. Kb2 Rd3 57. Bg4 Rxd6 58. a3 Be1 59. Re8 Bf2 60. Re2 Be3 61. Kb3 Rd2 62. Rxd2 Bxd2 63. Kc2 Be3 64. a4 Kg6 65. Kd3 f5 66. Bd1 Kg5 67. Ke2 Kh4 68. Bc2 Kg3 69. Bxf5 h5 70. Bg6 h4 71. Ke1 Kxh3 72. Kf1 f3 73. Be4 Kg3 74. Bxf3 Kxf3 0-1

[Event "Sabaneta op-A 1st"]
[Site "Sabaneta"]
[Date "2022.11.27"]
[Round "3"]
[White "Castaneda, Juan Esteban"]
[Black "Ruiz Aguilar, Pablo Alexander"]
[Result "1-0"]
[WhiteElo "1911"]
[BlackElo "2188"]
[PlyCount "113"]
[EventDate "2022.11.25"]
[EventType "swiss"]
[EventRounds "10"]
[EventCountry "COL"]
[SourceTitle "CBM 211 Extra"]
[Source "ChessBase"]
[SourceDate "2023.01.31"]
[SourceVersion "1"]
[SourceVersionDate "2023.01.31"]
[SourceQuality "1"]

1. e4 c5 2. Nf3 e6 3. d4 cxd4 4. Nxd4 Nf6 5. Bd3 d6 6. 0-0 Be7 7. c4 0-0 8. Qe2 Na6 9. Nc3 Bd7 10. Kh1 Rc8 11. a3 Re8 12. b4 e5 13. Ndb5 Ra8 14. Bg5 Bc6 15. Rad1 Nc7 16. c5 dxc5 17. Bxf6 Bxf6 18. Bc4 Qe7 19. Nd6 Rf8 20. Nf5 Qe8 21. Rd6 Ne6 22. b5 Nd4 23. Qg4 Nxf5 24. Rxf6 Nd4 25. bxc6 bxc6 26. f4 Kh8 27. Rd6 f5 28. Qg3 Qe7 29. fxe5 fxe4 30. Nxe4 Nf5 31. Qg5 Qxe5 32. Re6 Ng3+ 33. hxg3 Rxf1+ 34. Kh2 Qxg5 35. Nxg5 Rc1 36. Nf7+ Kg8 37. Ne5 Kh8 38. Rxc6 h6 39. Rc7 Re8 40. Rxc5 g5 41. Nf7+ Kg7 42. Nd6 Ree1 43. Kh3 Red1 44. Nf5+ Kf6 45. g4 Rc3+ 46. g3 Rxc4 47. Rxc4 h5 48. Rc6+ Ke5 49. Rc5+ Ke4 50. gxh5 Kf3 51. Rc3+ Ke4 52. Kg4 Rf1 53. Re3+ Kd5 54. Kxg5 Rh1 55. h6 a5 56. Kg6 a4 57. h7 1-0

[Event "Medellin Raza Cup"]
[Site "Medellin"]
[Date "2022.10.21"]
[Round "6"]
[White "Castaneda, Juan Esteban"]
[Black "Carrillo Parra, Miguel Alfredo"]
[Result "0-1"]
[WhiteElo "1814"]
[BlackElo "2245"]
[PlyCount "160"]
[EventDate "2022.10.19"]
[EventType "swiss"]
[EventRounds "10"]
[EventCountry "COL"]
[SourceTitle "EXT 2024"]
[Source "ChessBase"]
[SourceDate "2023.10.10"]
[SourceVersion "1"]
[SourceVersionDate "2023.10.10"]
[SourceQuality "1"]

1. d4 e6 2. c4 d5 3. Nc3 c6 4. e4 dxe4 5. Nxe4 Bb4+ 6. Nc3 c5 7. d5 Nf6 8. dxe6 Qxd1+ 9. Kxd1 Bxe6 10. Nb5 Na6 11. Be3 Ng4 12. Nf3 0-0 13. Bd3 f5 14. h3 Nxe3+ 15. fxe3 Rfe8 16. Ke2 Re7 17. b3 Ba5 18. Rad1 Nb4 19. Bb1 g6 20. Kf2 a6 21. Nd6 Kg7 22. e4 f4 23. e5 Nc6 24. Be4 Nd8 25. g3 fxg3+ 26. Kxg3 Rb8 27. h4 Nf7 28. h5 Bc3 29. hxg6 hxg6 30. Nxf7 Bxf7 31. Ng5 Bxe5+ 32. Kg4 Bg8 33. Bd5 Rf8 34. Rdf1 Rxf1 35. Rxf1 Bd4 36. Rd1 Bxd5 37. cxd5 Rd7 38. b4 b6 39. bxc5 Bxc5 40. Kf4 Bd6+ 41. Ke4 Kf6 42. Ne6 Rh7 43. Rf1+ Ke7 44. Rf3 Rh4+ 45. Kd3 Be5 46. Nf8 Rd4+ 47. Ke3 g5 48. Ng6+ Kd6 49. Rf8 Rxd5 50. Rd8+ Kc5 51. Rc8+ Kd6 52. Rd8+ Kc5 53. Rc8+ Kb4 54. Ke4 Ra5 55. Nxe5 Rxa2 56. Kd4 Rh2 57. Nd3+ Kb5 58. Rc1 a5 59. Rg1 Rh4+ 60. Kd5 Rh5 61. Kd4 Rh4+ 62. Kd5 a4 63. Rb1+ Ka5 64. Ne5 Rh6 65. Nc4+ Ka6 66. Nd6 Rh2 67. Nc4 b5 68. Nd6 Rd2+ 69. Kc6 Rc2+ 70. Kd5 a3 71. Ra1 a2 72. Ne4 b4 73. Kd4 Kb5 74. Kd3 b3 75. Nc3+ Kb4 76. Nxa2+ Rxa2 77. Rg1 Ra5 78. Rg4+ Ka3 79. Kc3 b2 80. Kc2 Rc5+ 0-1

[Event "Medellin Aristizabal Cup"]
[Site "Medellin"]
[Date "2022.07.11"]
[Round "7"]
[White "Castaneda, Juan Esteban"]
[Black "Sierra Lopez, Raul"]
[Result "1-0"]
[WhiteElo "1782"]
[BlackElo "1681"]
[PlyCount "49"]
[EventDate "2022.07.08"]
[EventType "swiss"]
[EventRounds "7"]
[EventCountry "COL"]
[SourceTitle "CBM 209 Extra"]
[Source "ChessBase"]
[SourceDate "2022.09.30"]
[SourceVersion "1"]
[SourceVersionDate "2022.09.30"]
[SourceQuality "1"]

1. Nf3 Nf6 2. g3 g6 3. Bg2 Bg7 4. 0-0 d5 5. d4 0-0 6. Ne5 c6 7. c4 Nfd7 8. Nxd7 Nxd7 9. cxd5 cxd5 10. Nc3 Nb6 11. Bf4 a6 12. a4 e6 13. b3 g5 14. Be3 Nd7 15. Qd2 f6 16. a5 b5 17. Nxd5 Rb8 18. Nb4 Bb7 19. Bxb7 Rxb7 20. Nxa6 h6 21. b4 f5 22. f4 g4 23. Rac1 h5 24. Nc5 Nxc5 25. dxc5 1-0

[Event "Medellin Aristizabal Cup"]
[Site "Medellin"]
[Date "2022.07.11"]
[Round "6"]
[White "Paniagua, Fabio de Jesus"]
[Black "Castaneda, Juan Esteban"]
[Result "1-0"]
[WhiteElo "1600"]
[BlackElo "1782"]
[PlyCount "71"]
[EventDate "2022.07.08"]
[EventType "swiss"]
[EventRounds "7"]
[EventCountry "COL"]
[SourceTitle "CBM 209 Extra"]
[Source "ChessBase"]
[SourceDate "2022.09.30"]
[SourceVersion "1"]
[SourceVersionDate "2022.09.30"]
[SourceQuality "1"]

1. e4 c5 2. Nf3 Nc6 3. Bb5 Nd4 4. Nxd4 cxd4 5. 0-0 e6 6. c3 Bc5 7. a4 a5 8. d3 Qh4 9. Nd2 dxc3 10. bxc3 Ne7 11. Nf3 Qh5 12. d4 Bb6 13. Ba3 f6 14. Qb3 Bd8 15. Qxe6 Qxb5 16. Qxe7+ Bxe7 17. axb5 b6 18. d5 Bxa3 19. Rxa3 Bb7 20. Nd4 g6 21. f4 Rc8 22. g4 Kf7 23. Kf2 h5 24. g5 fxg5 25. fxg5 Kg7 26. Ke3 Rhe8 27. Kd3 Re5 28. h4 Rce8 29. Rf4 Bc8 30. Nf3 R5e7 31. Nd2 d6 32. Nc4 Bd7 33. Nxd6 Rd8 34. Kd4 Bh3 35. Nc4 Bd7 36. Ne5 1-0

[Event "Medellin Aristizabal Cup"]
[Site "Medellin"]
[Date "2022.07.10"]
[Round "5"]
[White "Castaneda, Juan Esteban"]
[Black "Zapata Montoya, Andres Geronimo"]
[Result "0-1"]
[WhiteElo "1782"]
[BlackElo "1953"]
[PlyCount "60"]
[EventDate "2022.07.08"]
[EventType "swiss"]
[EventRounds "7"]
[EventCountry "COL"]
[SourceTitle "CBM 209 Extra"]
[Source "ChessBase"]
[SourceDate "2022.09.30"]
[SourceVersion "1"]
[SourceVersionDate "2022.09.30"]
[SourceQuality "1"]

1. Nf3 Nf6 2. d4 g6 3. g3 Bg7 4. Bg2 d5 5. 0-0 0-0 6. c3 Nbd7 7. Bf4 c6 8. Nbd2 Re8 9. Be5 Nxe5 10. Nxe5 Nd7 11. f4 Qb6 12. Qb3 Nxe5 13. fxe5 Be6 14. e4 dxe4 15. Qxb6 axb6 16. a3 e3 17. Ne4 Bh6 18. Rfe1 Kg7 19. h3 f5 20. exf6+ exf6 21. Nd6 Re7 22. c4 Rd8 23. c5 bxc5 24. dxc5 Bb3 25. Re2 b6 26. Rae1 bxc5 27. Ne4 Bd1 28. Nxc5 Bxe2 29. Rxe2 Rd1+ 30. Bf1 Re5 0-1

[Event "Medellin U2000 op"]
[Site "Medellin"]
[Date "2022.05.22"]
[Round "7"]
[White "Castaneda, Juan Esteban"]
[Black "Echeverry, Jose Miguel"]
[Result "1-0"]
[WhiteElo "1704"]
[BlackElo "1859"]
[PlyCount "101"]
[EventDate "2022.05.18"]
[EventType "swiss"]
[EventRounds "7"]
[EventCountry "COL"]
[SourceTitle "CBM 208 Extra"]
[Source "ChessBase"]
[SourceDate "2022.07.31"]
[SourceVersion "1"]
[SourceVersionDate "2022.07.31"]
[SourceQuality "1"]

1. b3 Nf6 2. Bb2 e6 3. Nf3 b6 4. e3 Bb7 5. Be2 Be7 6. 0-0 0-0 7. c4 d6 8. Nc3 Nbd7 9. d4 Ne4 10. Nxe4 Bxe4 11. Nd2 Bb7 12. a4 a5 13. Bf3 d5 14. cxd5 exd5 15. Qc2 f5 16. Rfc1 c6 17. Ba3 Bxa3 18. Rxa3 g5 19. Be2 g4 20. Bd3 Qg5 21. Nf1 Rf6 22. Ng3 Raf8 23. Ne2 Rh6 24. Nf4 Rff6 25. g3 Nf8 26. h4 gxh3 27. Kh2 Rf7 28. Raa1 Nd7 29. Rg1 Kh8 30. f3 Rf8 31. Rae1 Bc8 32. g4 fxg4 33. Rxg4 Qe7 34. Rgg1 Rh4 35. Qf2 Rh6 36. Qg3 Nf6 37. Qg5 Ng8 38. Rg3 Qxg5 39. Rxg5 Nf6 40. Reg1 Rg8 41. Rxg8+ Nxg8 42. Rg5 Rf6 43. Rh5 h6 44. Re5 Bd7 45. Bg6 Rf8 46. Bd3 Rf6 47. Kg3 Rf7 48. Rh5 Kg7 49. Ng6 Ne7 50. Ne5 Nf5+ 51. Kf2 1-0

[Event "Medellin U2000 op"]
[Site "Medellin"]
[Date "2022.05.21"]
[Round "5"]
[White "Castaneda, Juan Esteban"]
[Black "Martinez, Mauricio"]
[Result "1-0"]
[WhiteElo "1704"]
[BlackElo "1907"]
[PlyCount "128"]
[EventDate "2022.05.18"]
[EventType "swiss"]
[EventRounds "7"]
[EventCountry "COL"]
[SourceTitle "CBM 208 Extra"]
[Source "ChessBase"]
[SourceDate "2022.07.31"]
[SourceVersion "1"]
[SourceVersionDate "2022.07.31"]
[SourceQuality "1"]

1. b3 Nf6 2. Bb2 g6 3. Nf3 Bg7 4. c4 0-0 5. e3 d5 6. cxd5 Nxd5 7. Bxg7 Kxg7 8. Be2 Nb4 9. 0-0 Bf5 10. Nd4 Bd3 11. Bxd3 Nxd3 12. Qc2 Ne5 13. Qc3 Kg8 14. Ne6 Nf3+ 15. gxf3 fxe6 16. Qe5 Qd6 17. Qe4 Nc6 18. Nc3 a6 19. f4 e5 20. Qc4+ e6 21. Ne4 Qd5 22. Nc5 Rae8 23. Qxd5 exd5 24. fxe5 Nxe5 25. f4 Ng4 26. Rac1 d4 27. h3 Nf6 28. Rfe1 dxe3 29. dxe3 Nd5 30. Kf2 b6 31. Nd3 Re7 32. h4 Kg7 33. Kf3 Rd8 34. a3 Nf6 35. Nb4 Rd2 36. Nc6 Red7 37. Ne5 Re7 38. Rc6 Nd7 39. Ng4 Nb8 40. Rc3 c5 41. Re2 Rxe2 42. Kxe2 Nc6 43. Kf3 a5 44. Rd3 Rc7 45. Rd6 b5 46. Nf6 Kf7 47. Nd5 Rc8 48. a4 bxa4 49. bxa4 Nb4 50. Nc3 Rc7 51. Nb5 Re7 52. e4 Kg7 53. Na3 Na2 54. Nc4 Nc3 55. e5 Nxa4 56. Nxa5 Nb2 57. Nc6 Re8 58. Rd7+ Kh6 59. Nd8 Rf8 60. Nf7+ Kh5 61. e6 Nc4 62. Rd5+ Kxh4 63. Rd1 Nd2+ 64. Rxd2 Kh3 1-0

[Event "Medellin U2000 op"]
[Site "Medellin"]
[Date "2022.05.18"]
[Round "1"]
[White "Castaneda, Juan Esteban"]
[Black "Ortiz Valencia, Sofia"]
[Result "1-0"]
[WhiteElo "1704"]
[BlackElo "1396"]
[PlyCount "45"]
[EventDate "2022.05.18"]
[EventType "swiss"]
[EventRounds "7"]
[EventCountry "COL"]
[SourceTitle "CBM 208 Extra"]
[Source "ChessBase"]
[SourceDate "2022.07.31"]
[SourceVersion "1"]
[SourceVersionDate "2022.07.31"]
[SourceQuality "1"]

1. b3 e5 2. Bb2 Nc6 3. e3 Nf6 4. Nf3 a6 5. Nxe5 Nxe5 6. Bxe5 d6 7. Bb2 Be7 8. Be2 0-0 9. 0-0 Be6 10. d3 d5 11. Nd2 Qd6 12. Nf3 c6 13. Ne5 Bd8 14. Kh1 Bc7 15. f4 Bb6 16. Rf3 Bf5 17. Rg3 Bc5 18. a3 Qb8 19. Nd7 Bxd7 20. Bxf6 Kh8 21. Bxg7+ Kg8 22. Bf6+ Bg4 23. Rxg4# 1-0